| 000 | 01208nam a2200313 a 4500 | ||
|---|---|---|---|
| 001 | 000002653 | ||
| 003 | DO-SdBPM | ||
| 005 | 20250625121349.0 | ||
| 007 | ta | ||
| 008 | 090703s2007 dr ac 000 0 spa d | ||
| 040 |
_aDO-SdBPM _bspa _cBPMSU _drda |
||
| 082 | 4 |
_a972.9342 _bB352s 2007 _222 |
|
| 100 | 1 |
_aBautista, Domingo, _d1928- _qDomingo Antonio Bautista Mejía _eautor |
|
| 245 | 1 | 0 |
_aSi me permiten hablar : _bla historia de Palma Sola / _cDomingo Bautista ; prólogo, Alejandro Pichardo ; introducción, Ramón Colombo. |
| 260 | _c | ||
| 264 |
_aSanto Domingo : _bEditora Taller, _c2007 |
||
| 300 |
_a159 páginas. : _bilustraciones, retrato . ; _c23 cm. |
||
| 336 |
_atexto _btxt _2rdacontent |
||
| 337 |
_asin mediación _bn _2rdamedia |
||
| 338 |
_avolumen _bnc _2rdacarrier |
||
| 500 | _aIncluye datos biográficos del autor en la contracubierta. | ||
| 590 | _aInventariado, 2025/VM | ||
| 650 | 7 |
_aMovimientos Sociales _zRepública Dominicana _xHistoria |
|
| 651 | 7 |
_aPalma Sola (San Juan, República Dominicana) _xHistoria local |
|
| 700 | 1 |
_aPichardo, Alejandro, _eprólogo |
|
| 700 | 1 |
_aColombo, Ramón, _eintroducción |
|
| 910 | _aVMateo V. Control de calidad BPMSU | ||
| 942 |
_2ddc _cBK |
||
| 999 |
_c15217 _d15217 |
||